<Die> landwirtschaftlichen Märkte an der Jahreswende 1992/1993. Aspekte gemeinsamer Agrarpolitik 1992.

Celohospodársky a odvetvový vývoj konjunktúry v ES. Poľnohospodársky trh a cenová politika. Tvorba spoločných poľnohospodárskych cien v ES. Prepočítacie kurzy a menové vyrovnanie. Vývoj poľnohospodárskeho rozpočtu v ES. Reforma poľnohospodárskej politiky ES. Uruguajské kolo GATT a ES.

Gespeichert in:
Bibliographische Detailangaben
1. Verfasser: Manegold, D.
Format: Buchkapitel
Sprache:Deutsch
Schlagworte:
Tags: Tag hinzufügen
Keine Tags, Fügen Sie das erste Tag hinzu!

MARC

LEADER 00000naa a2200000 4500
001 r011591
005 20220826094510.0
041 0 |a ger 
044 |a DE 
245 1 0 |a <Die> landwirtschaftlichen Märkte an der Jahreswende 1992/1993.  |b Aspekte gemeinsamer Agrarpolitik 1992.  |c D. Manegold 
520 |a Celohospodársky a odvetvový vývoj konjunktúry v ES. Poľnohospodársky trh a cenová politika. Tvorba spoločných poľnohospodárskych cien v ES. Prepočítacie kurzy a menové vyrovnanie. Vývoj poľnohospodárskeho rozpočtu v ES. Reforma poľnohospodárskej politiky ES. Uruguajské kolo GATT a ES. 
610 2 0 |a poľnohospodárstvo 
610 2 0 |a trh vnútorný 
610 2 0 |a Európske spoločenstvá 
610 2 0 |a ceny 
610 2 0 |a kurz výmenný 
610 2 0 |a politika poľnohospodárska 
610 2 0 |a vývoj hospodársky 
610 2 0 |a západná Európa 
610 2 0 |a 1992-1993 
610 2 0 |a GATT 
610 2 0 |a USA 
610 2 0 |a údaje štatistické 
100 1 |a Manegold, D.